[Event "Quebec-ch qual. 1"]
[Site "Montreal CAN"]
[Date "2008.04.26"]
[Round "3"]
[White "Piche, Justin"]
[Black "Lacroix, Serge"]
[Result "0-1"]
[WhiteElo "1517"]
[BlackElo "1849"]
[PlyCount "60"]
[GameId "2160767910351010"]
[EventDate "2008.04.25"]
[EventType "swiss"]
[EventRounds "5"]
[EventCountry "CAN"]
[SourceTitle "EXT 2011"]
[Source "ChessBase"]
[SourceDate "2011.11.26"]
[SourceVersion "1"]
[SourceVersionDate "2011.11.26"]
[SourceQuality "1"]

1. e4 e5 2. Nf3 Nc6 3. Bc4 Nf6 4. d3 Bc5 5. Be3 d6 6. h3 Bxe3 7. fxe3 Na5 8. Bb3 Nxb3 9. axb3 O-O 10. Nc3 c6 11. Qe2 Nh5 12. Rg1 b5 13. b4 f5 14. g4 fxe4 15. Nxe4 Nf6 16. g5 Nxe4 17. dxe4 Be6 18. O-O-O a5 19. b3 axb4 20. Kb2 Qa5 21. Ra1 Qb6 22. g6 h6 23. Ng5 Qc5 24. c4 bxc3+ 25. Kc2 Rxa1 26. Rxa1 hxg5 27. Qh5 Rf2+ 28. Kd1 Bxb3+ 29. Kc1 Qxe3+ 30. Kb1 Rb2# 0-1

[Event "Quebec-ch qual. 1"]
[Site "Montreal CAN"]
[Date "2008.04.26"]
[Round "3"]
[White "Torkan, Behnam"]
[Black "Maharisoa, Tantely"]
[Result "1-0"]
[WhiteElo "1927"]
[BlackElo "1620"]
[PlyCount "51"]
[GameId "2160767910351011"]
[EventDate "2008.04.25"]
[EventType "swiss"]
[EventRounds "5"]
[EventCountry "CAN"]
[SourceTitle "FQE 01"]

1. e4 c5 2. Nf3 d6 3. d4 cxd4 4. Nxd4 Nf6 5. Nc3 g6 6. f4 Bg7 7. e5 Ng8 8. Bb5+ Bd7 9. e6 Bxb5 10. exf7+ Kxf7 11. Ncxb5 Nc6 12. c3 a6 13. Qb3+ d5 14. Nxc6 bxc6 15. Nd4 c5 16. Nf3 Nh6 17. Ng5+ Kg8 18. O-O Qd6 19. Re1 e5 20. Bd2 Nf7 21. Nxf7 Kxf7 22. Qb7+ Ke6 23. Qxg7 e4 24. Rad1 Kf5 25. Qf7+ Qf6 26. Qxd5+ 1-0

[Event "Quebec-ch qual. 1"]
[Site "Montreal CAN"]
[Date "2008.04.27"]
[Round "4"]
[White "Jiang, Louie"]
[Black "Morin, Louis"]
[Result "1-0"]
[WhiteElo "2133"]
[BlackElo "1905"]
[PlyCount "87"]
[GameId "2160767910351012"]
[EventDate "2008.04.25"]
[EventType "swiss"]
[EventRounds "5"]
[EventCountry "CAN"]
[SourceTitle "FQE 01"]

1. e4 e5 2. Nf3 d6 3. Bc4 Bg4 4. c3 Nd7 5. d4 Qf6 6. Nbd2 g6 7. h3 Bxf3 8. Nxf3 Bh6 9. Bxh6 Nxh6 10. Qd2 Qf4 11. Qxf4 exf4 12. O-O-O O-O-O 13. Ng5 f6 14. Ne6 Rde8 15. f3 Nb6 16. Bb3 Re7 17. Nxf4 Rhe8 18. g4 f5 19. exf5 gxf5 20. Kd2 fxg4 21. hxg4 Ng8 22. Rde1 Rxe1 23. Rxe1 Rxe1 24. Kxe1 Ne7 25. g5 Nd7 26. Bc2 Nf8 27. Nh5 Nd5 28. Bb3 c6 29. Bxd5 cxd5 30. Nf6 Ne6 31. Nxh7 Kd8 32. Kf2 Nf4 33. Kg3 Nd3 34. Nf6 Ke7 35. Nxd5+ Kf7 36. f4 Nxb2 37. f5 Nd3 38. g6+ Kg7 39. Nf4 Nc1 40. Nh5+ Kh6 41. g7 Kh7 42. f6 Kg8 43. Nf4 Nxa2 44. Nd5 1-0

[Event "Quebec-ch qual. 1"]
[Site "Montreal CAN"]
[Date "2008.04.27"]
[Round "4"]
[White "Lacroix, Serge"]
[Black "Gauthier, Denis"]
[Result "0-1"]
[WhiteElo "1849"]
[BlackElo "1927"]
[PlyCount "123"]
[GameId "2160767910351013"]
[EventDate "2008.04.25"]
[EventType "swiss"]
[EventRounds "5"]
[EventCountry "CAN"]
[SourceTitle "EXT 2011"]
[Source "ChessBase"]
[SourceDate "2011.11.26"]
[SourceVersion "1"]
[SourceVersionDate "2011.11.26"]
[SourceQuality "1"]

1. d4 Nf6 2. c4 e6 3. Nc3 Bb4 4. e3 O-O 5. Nge2 d5 6. a3 Be7 7. Nf4 c6 8. Bd3 Nbd7 9. O-O b6 10. b3 Bb7 11. Bb2 Bd6 12. Qe2 Qc7 13. g3 Rfe8 14. cxd5 exd5 15. Rac1 Qd8 16. Nh5 Qe7 17. a4 Rad8 18. Nxf6+ Nxf6 19. Ba6 Ba8 20. Bd3 Qe6 21. Qf3 Ne4 22. Qe2 Qh3 23. Nxe4 dxe4 24. Bc4 Bb7 25. f4 Bc8 26. d5 c5 27. Qd2 Bg4 28. Be2 Bf5 29. Rf2 Rd7 30. a5 Red8 31. Qc3 Bf8 32. axb6 axb6 33. Bc4 b5 34. Bf1 Qh6 35. Bxb5 Rxd5 36. Bf1 Bg4 37. Qc2 Bf3 38. h4 Qg6 39. Kh2 Be7 40. Bc4 Rh5 41. Rxf3 exf3 42. Qxg6 hxg6 43. Kh3 Bf6 44. Bxf6 gxf6 45. g4 Rh8 46. Ra1 Rd7 47. Ra6 Kg7 48. Kg3 f2 49. Ra2 Rhd8 50. Rxf2 Rd2 51. Rxd2 Rxd2 52. g5 f5 53. Kf3 Rh2 54. Kg3 Rh1 55. Bd5 Rd1 56. Bc4 Kf8 57. Kg2 Ke7 58. Kh2 Re1 59. h5 gxh5 60. Kg3 Rxe3+ 61. Kh4 Rf3 62. Kxh5 0-1

[Event "Quebec-ch qual. 1"]
[Site "Montreal CAN"]
[Date "2008.04.27"]
[Round "4"]
[White "Torkan, Behnam"]
[Black "Le Duin, Thierry"]
[Result "1/2-1/2"]
[WhiteElo "1904"]
[BlackElo "1975"]
[PlyCount "92"]
[GameId "2160767910351014"]
[EventDate "2008.04.25"]
[EventType "swiss"]
[EventRounds "5"]
[EventCountry "CAN"]
[SourceTitle "EXT 2011"]
[Source "ChessBase"]
[SourceDate "2011.11.26"]
[SourceVersion "1"]
[SourceVersionDate "2011.11.26"]
[SourceQuality "1"]

1. e4 d5 2. exd5 Nf6 3. d4 Bg4 4. f3 Bf5 5. Bb5+ Nbd7 6. Ne2 Nxd5 7. Nbc3 c6 8. Bd3 Bxd3 9. Qxd3 N7f6 10. Bg5 Qa5 11. Bh4 e6 12. O-O Bd6 13. Ne4 Be7 14. Nxf6+ Bxf6 15. Bxf6 Nxf6 16. b4 Qb6 17. Kh1 O-O 18. c3 Rfd8 19. Qe3 Qb5 20. a4 Qc4 21. a5 b6 22. Rfd1 h6 23. Nf4 Nd5 24. Nxd5 cxd5 25. Kg1 Rdc8 26. Rd3 b5 27. f4 Rc6 28. Rf1 a6 29. g4 Rf8 30. h4 Rcc8 31. h5 Rce8 32. Rd2 f6 33. Qd3 Qc7 34. Re2 Kh8 35. Qg3 Re7 36. Rfe1 Rfe8 37. Kg2 Kg8 38. Re3 Qd6 39. R1e2 Kf7 40. Kf3 Qc7 41. Qh4 e5 42. fxe5 fxe5 43. dxe5 Rxe5 44. Qe1 Rxe3+ 45. Rxe3 Rxe3+ 46. Qxe3 Qc4 1/2-1/2

[Event "Quebec-ch qual. 1"]
[Site "Montreal CAN"]
[Date "2008.04.27"]
[Round "5"]
[White "Bergeron, Rene"]
[Black "Piche, Justin"]
[Result "1-0"]
[WhiteElo "1566"]
[BlackElo "1517"]
[PlyCount "90"]
[GameId "2160767910351015"]
[EventDate "2008.04.25"]
[EventType "swiss"]
[EventRounds "5"]
[EventCountry "CAN"]
[SourceTitle "EXT 2011"]
[Source "ChessBase"]
[SourceDate "2011.11.26"]
[SourceVersion "1"]
[SourceVersionDate "2011.11.26"]
[SourceQuality "1"]

1. e4 e5 2. Bc4 Nf6 3. d3 Bc5 4. Nc3 h6 5. Qf3 c6 6. Be3 Qb6 7. Na4 Qa5+ 8. Nc3 Bd4 9. Nge2 d5 10. exd5 Bg4 11. Qg3 b5 12. Nxd4 bxc4 13. Qxe5+ Kf8 14. Qd6+ Kg8 15. O-O cxd5 16. dxc4 dxc4 17. h3 Bd7 18. Rfe1 Kh7 19. Qe7 Nc6 20. Nxc6 Bxc6 21. Qxf7 Rhf8 22. Qxc4 Rac8 23. Qd4 Qh5 24. Rad1 Rcd8 25. Qb4 Qg6 26. g4 Rxd1 27. Rxd1 Bf3 28. Rd4 h5 29. Rf4 Nxg4 30. hxg4 Rxf4 31. Qxf4 hxg4 32. Qh2+ Kg8 33. Qb8+ Kh7 34. Qh2+ Kg8 35. Bd4 Qxc2 36. Qb8+ Kh7 37. Kh2 Qd2 38. Qe5 Qh6+ 39. Kg3 Qh3+ 40. Kf4 Qh6+ 41. Qg5 Qd6+ 42. Ke3 Qe6+ 43. Kd2 Qd7 44. Qe5 Qb7 45. Ne2 Be4 1-0

[Event "Quebec-ch qual. 1"]
[Site "Montreal CAN"]
[Date "2008.04.27"]
[Round "5"]
[White "Gauthier, Denis"]
[Black "Jiang, Louie"]
[Result "0-1"]
[WhiteElo "1927"]
[BlackElo "2133"]
[PlyCount "62"]
[GameId "2160767910351016"]
[EventDate "2008.04.25"]
[EventType "swiss"]
[EventRounds "5"]
[EventCountry "CAN"]
[SourceTitle "EXT 2011"]
[Source "ChessBase"]
[SourceDate "2011.11.26"]
[SourceVersion "1"]
[SourceVersionDate "2011.11.26"]
[SourceQuality "1"]

1. d4 Nf6 2. c4 e6 3. Nf3 d5 4. Nc3 c6 5. Bg5 Nbd7 6. e3 Be7 7. Bd3 O-O 8. O-O Re8 9. Rc1 a6 10. Qc2 h6 11. Bh4 dxc4 12. Bxc4 b5 13. Bd3 c5 14. Ne4 c4 15. Be2 Bb7 16. Nxf6+ Nxf6 17. Ne5 Nd7 18. Bg3 Nxe5 19. Bxe5 Qa5 20. b3 cxb3 21. axb3 Rac8 22. Qb2 Bf8 23. Bd3 Qb4 24. e4 Red8 25. Rxc8 Rxc8 26. Bf4 Qc3 27. Qe2 Qxd4 28. Rd1 Qc3 29. Qg4 Rd8 30. Qg3 Bxe4 31. Be5 Rxd3 0-1

[Event "Quebec-ch qual. 1"]
[Site "Montreal CAN"]
[Date "2008.04.27"]
[Round "5"]
[White "Joanis, Marc-Andre"]
[Black "Lescarbeau, Martin"]
[Result "1-0"]
[WhiteElo "1660"]
[BlackElo "1591"]
[PlyCount "81"]
[GameId "2160767910351017"]
[EventDate "2008.04.25"]
[EventType "swiss"]
[EventRounds "5"]
[EventCountry "CAN"]
[SourceTitle "EXT 2011"]
[Source "ChessBase"]
[SourceDate "2011.11.26"]
[SourceVersion "1"]
[SourceVersionDate "2011.11.26"]
[SourceQuality "1"]

1. c4 Nf6 2. Nf3 g6 3. g3 c5 4. Bg2 Bg7 5. O-O O-O 6. d4 cxd4 7. Nxd4 Nc6 8. Nc3 a6 9. e4 Qb6 10. Nb3 d6 11. Be3 Qd8 12. h3 Ne5 13. Qe2 Qc7 14. Nd5 Nxd5 15. cxd5 b5 16. Rac1 Qd8 17. f4 Nc4 18. Bd4 Bxd4+ 19. Nxd4 Qb6 20. Qf2 Bd7 21. b3 Na5 22. Kh2 Rfe8 23. e5 f6 24. e6 Bc8 25. h4 Bb7 26. h5 Rac8 27. Rxc8 Rxc8 28. hxg6 hxg6 29. Qd2 Kg7 30. g4 Rh8+ 31. Kg3 Ba8 32. g5 b4 33. f5 Rh5 34. gxf6+ exf6 35. e7 Qb8 36. Qe3 Rh8 37. fxg6 Qe8 38. Ne6+ Kxg6 39. Rxf6+ Kxf6 40. Qg5+ Kf7 41. Qg7# 1-0

[Event "Quebec-ch qual. 1"]
[Site "Montreal CAN"]
[Date "2008.04.27"]
[Round "5"]
[White "Le Duin, Thierry"]
[Black "Lacroix, Serge"]
[Result "1-0"]
[WhiteElo "1975"]
[BlackElo "1849"]
[PlyCount "93"]
[GameId "2160767910351018"]
[EventDate "2008.04.25"]
[EventType "swiss"]
[EventRounds "5"]
[EventCountry "CAN"]
[SourceTitle "EXT 2011"]
[Source "ChessBase"]
[SourceDate "2011.11.26"]
[SourceVersion "1"]
[SourceVersionDate "2011.11.26"]
[SourceQuality "1"]

1. d4 Nf6 2. Nf3 g6 3. Bg5 Bg7 4. Nbd2 c5 5. e3 cxd4 6. exd4 Nc6 7. c3 d5 8. Bd3 O-O 9. O-O Bg4 10. h3 Be6 11. Re1 Qd7 12. Nb3 b6 13. Bb5 Qc7 14. Re3 a6 15. Bd3 Ne8 16. Qe2 a5 17. Bb5 Bf6 18. Rxe6 fxe6 19. Qxe6+ Kg7 20. Bxc6 Rc8 21. Bxd5 Bxg5 22. Nxg5 h6 23. Nf3 Nf6 24. Be4 Nxe4 25. Qxe4 a4 26. Nbd2 a3 27. Rb1 Rf4 28. Qe3 Rf6 29. bxa3 Qxc3 30. Qxe7+ Rf7 31. Qe5+ Kh7 32. Qe6 Rcf8 33. Qxb6 Qxa3 34. Qb3 Ra7 35. Rb2 Rfa8 36. Nc4 Qe7 37. a3 Qe6 38. Nfe5 Qd5 39. Qd3 Qe6 40. Rb6 Qf5 41. Qxf5 gxf5 42. d5 Rc7 43. d6 Rc5 44. d7 Rd5 45. Rd6 Rxd6 46. Nxd6 Kg7 47. Nc8 1-0

[Event "Quebec-ch qual. 1"]
[Site "Montreal CAN"]
[Date "2008.04.27"]
[Round "5"]
[White "Morin, Louis"]
[Black "Maharisoa, Tantely"]
[Result "1-0"]
[WhiteElo "1905"]
[BlackElo "1620"]
[PlyCount "71"]
[GameId "2160767910351019"]
[EventDate "2008.04.25"]
[EventType "swiss"]
[EventRounds "5"]
[EventCountry "CAN"]

1. e4 c5 2. d4 cxd4 3. c3 dxc3 4. Nxc3 Nc6 5. Nf3 g6 6. Bc4 Bg7 7. O-O Nf6 8. Qe2 O-O 9. Rd1 Qc7 10. h3 a6 11. Be3 b5 12. Bb3 Bb7 13. Rac1 Rad8 14. Nd5 Qb8 15. Bb6 Rde8 16. Nxf6+ Bxf6 17. Rxd7 Bc8 18. Rc7 Qxb6 19. R1xc6 Qb8 20. e5 Bg7 21. e6 f5 22. Qc2 Bb7 23. Rb6 Rc8 24. Rbxb7 Qxb7 25. Rxb7 Rxc2 26. Bxc2 Bf6 27. a4 bxa4 28. Bxa4 a5 29. Rb5 Rc8 30. Ne5 Bg5 31. Nc6 Kf8 32. Rxa5 Bf4 33. b4 Bc7 34. Ra6 Kg7 35. Nxe7 Rd8 36. Ra7 1-0

[Event "RA Autumn Frost"]
[Site "Ottawa CAN"]
[Date "2008.10.30"]
[Round "1"]
[White "Pacey, Kevin"]
[Black "Szalay, Karoly"]
[Result "1/2-1/2"]
[WhiteElo "2304"]
[BlackElo "2187"]
[PlyCount "99"]
[GameId "2160767910294527"]
[EventDate "2008.10.30"]
[EventType "swiss"]
[EventRounds "5"]
[EventCountry "CAN"]

1. b3 d5 2. Bb2 Nf6 3. e3 Bf5 4. Nf3 e6 5. Be2 Bd6 6. d3 O-O 7. Nbd2 Re8 8. Ne5 Nfd7 9. Nxd7 Nxd7 10. O-O Bg6 11. g3 e5 12. e4 dxe4 13. Nxe4 Bxe4 14. dxe4 Nf6 15. Bc4 c6 16. a4 Nxe4 17. Qd3 Ng5 18. Rad1 Bc5 19. Qf5 Qf6 20. Qxf6 gxf6 21. Rd7 Re7 22. Rxe7 Bxe7 23. f4 exf4 24. gxf4 Ne6 25. f5 Bc5+ 26. Kh1 Ng5 27. Bd3 Re8 28. Bxf6 Ne4 29. Bh4 Kf8 30. Kg2 Nc3 31. Re1 Nd5 32. Rxe8+ Kxe8 33. Kf3 Be7 34. Bf2 a6 35. c4 Nf6 36. Bd4 Nd7 37. Bc2 Bf6 38. Bf2 Ke7 39. h3 Ne5+ 40. Ke4 Nd7 41. b4 Bc3 42. b5 axb5 43. cxb5 cxb5 44. axb5 Kd6 45. Kd3 Be5 46. Kc4 Bf4 47. Be4 b6 48. Bc2 f6 49. Kd4 Be5+ 50. Kc4 1/2-1/2

[Event "RA Autumn Frost"]
[Site "Ottawa CAN"]
[Date "2008.11.06"]
[Round "2"]
[White "Barclay, Wayne"]
[Black "Pacey, Kevin"]
[Result "0-1"]
[WhiteElo "2230"]
[BlackElo "2304"]
[PlyCount "100"]
[GameId "2160767910294528"]
[EventDate "2008.10.30"]
[EventType "swiss"]
[EventRounds "5"]
[EventCountry "CAN"]

1. c4 Nf6 2. Nc3 g6 3. g3 Bg7 4. Bg2 O-O 5. d4 d6 6. Nf3 Bg4 7. h3 Bxf3 8. exf3 d5 9. f4 dxc4 10. Bxb7 Nbd7 11. Bxa8 Qxa8 12. O-O Nb6 13. Qe2 e6 14. Be3 Rd8 15. Rfd1 Nfd5 16. a3 Ne7 17. Rd2 Nf5 18. Rad1 Nd5 19. Rc2 Nxc3 20. bxc3 Rb8 21. Bc1 Qc6 22. Rb2 Rb3 23. Rc2 Ne7 24. Bb2 Nd5 25. Ra1 Nb6 26. Re1 Na4 27. Qd2 Qb5 28. Bc1 Qf5 29. Kh2 Qd3 30. Re3 Qxd2 31. Bxd2 Rxa3 32. d5 Nc5 33. dxe6 Nxe6 34. Re4 Ra4 35. Rb2 Bf8 36. Rb8 Kg7 37. g4 Bd6 38. Kg2 Nc5 39. Ree8 Kf6 40. Be3 Ne6 41. Kf3 Ra3 42. Ke4 h6 43. h4 g5 44. hxg5+ hxg5 45. f5 Nc5+ 46. Kd5 Nd7 47. Bd4+ Be5 48. Rxe5 Ra5+ 49. Kxc4 Nxe5+ 50. Kb4 Rd5 0-1

[Event "RA Autumn Frost"]
[Site "Ottawa CAN"]
[Date "2008.11.13"]
[Round "3"]
[White "Xiong, Jerry"]
[Black "Pacey, Kevin"]
[Result "0-1"]
[WhiteElo "2208"]
[BlackElo "2304"]
[PlyCount "92"]
[GameId "2160767910294529"]
[EventDate "2008.10.30"]
[EventType "swiss"]
[EventRounds "5"]
[EventCountry "CAN"]

1. e4 c6 2. d4 d5 3. exd5 cxd5 4. Nf3 Nf6 5. Nc3 Bg4 6. Be2 Bxf3 7. Bxf3 e6 8. O-O Nc6 9. Re1 Be7 10. Bf4 O-O 11. a4 Rc8 12. Re3 Ne8 13. Bg4 Bf6 14. Ne2 Nd6 15. c3 Ne7 16. Rh3 Ng6 17. Qd3 Re8 18. Bg3 Ne4 19. f4 Nf8 20. Rf1 g6 21. Bf3 Nd6 22. Be1 Bg7 23. Bh4 Qb6 24. b4 a5 25. b5 Rc4 26. Qd1 Qc7 27. Kh1 Nd7 28. g4 Nb6 29. Be1 f5 30. Nc1 Ne4 31. Bxe4 dxe4 32. Nb3 Nd5 33. Bd2 b6 34. Nc1 fxg4 35. Qxg4 Nxc3 36. Bxc3 Rxc3 37. Rxc3 Qxc3 38. Ne2 Qe3 39. h4 Kh8 40. h5 gxh5 41. Qxh5 Rg8 42. f5 exf5 43. Rxf5 Bxd4 44. Rf1 Bg7 45. Nf4 Qg3 46. Ne2 Qg6 0-1

[Event "RA Autumn Frost"]
[Site "Ottawa CAN"]
[Date "2008.11.20"]
[Round "4"]
[White "Pacey, Kevin"]
[Black "Qin, Zi Yi (Joey)"]
[Result "0-1"]
[WhiteElo "2304"]
[BlackElo "2222"]
[PlyCount "96"]
[GameId "2160767910294530"]
[EventDate "2008.10.30"]
[EventType "swiss"]
[EventRounds "5"]
[EventCountry "CAN"]

1. d4 Nf6 2. c4 g6 3. Nc3 Bg7 4. e4 d6 5. Be2 O-O 6. Bg5 c5 7. d5 h6 8. Be3 e6 9. Qd2 Kh7 10. f3 a6 11. dxe6 Bxe6 12. Rd1 Nc6 13. Qxd6 Qb6 14. Bxc5 Qxb2 15. Qd2 Qxd2+ 16. Rxd2 Nd7 17. Bxf8 Bxc3 18. Ba3 Nde5 19. Bb2 Bxd2+ 20. Kxd2 Nxc4+ 21. Bxc4 Bxc4 22. a3 Rd8+ 23. Kc1 Bf1 24. h4 Bxg2 25. Rh2 Bf1 26. Rd2 Rxd2 27. Kxd2 Na5 28. Kc3 g5 29. hxg5 hxg5 30. Kd4 Nc4 31. Bc1 f6 32. Kd5 Kg6 33. Ke6 b5 34. Kd5 Kf7 35. f4 gxf4 36. Bxf4 Nxa3 37. Nf3 Bc4+ 38. Kc5 Nc2 39. e5 Be2 40. Nd4 Nxd4 41. Kxd4 f5 42. Bd2 Ke6 43. Bf4 a5 44. Bc1 b4 45. Bf4 a4 46. Bc1 a3 47. Kc5 f4 48. Kd4 f3 0-1

[Event "RA Autumn Frost"]
[Site "Ottawa CAN"]
[Date "2008.11.27"]
[Round "5"]
[White "Pacey, Kevin"]
[Black "Gordon, David"]
[Result "1-0"]
[WhiteElo "2304"]
[BlackElo "2240"]
[PlyCount "73"]
[GameId "2160767910294531"]
[EventDate "2008.10.30"]
[EventType "swiss"]
[EventRounds "5"]
[EventCountry "CAN"]

1. g3 e5 2. c4 Nc6 3. Bg2 d6 4. Nc3 Be6 5. d3 Qd7 6. Nd5 f5 7. Nf3 Nf6 8. Ng5 Bg8 9. e4 Nxd5 10. exd5 Nd4 11. Be3 Be7 12. Bxd4 exd4 13. Qe2 O-O-O 14. Ne6 Bxe6 15. dxe6 Qa4 16. O-O Rdf8 17. b4 g5 18. c5 g4 19. cxd6 Bxd6 20. e7 Rf6 21. Qb2 Bxe7 22. Rae1 Qd7 23. Re5 f4 24. gxf4 Bd6 25. Qxd4 Bxe5 26. Qxa7 Qd4 27. Qxb7+ Kd7 28. Qb5+ c6 29. Qxe5 Qxf4 30. Qc5 Rb8 31. b5 cxb5 32. Re1 Qd6 33. Qa7+ Kd8 34. Bc6 Rf8 35. Re4 Rc8 36. Qb6+ Rc7 37. Qb8+ 1-0

[Event "RA Fall op"]
[Site "Ottawa CAN"]
[Date "2008.09.05"]
[Round "1"]
[White "Pace, Christopher"]
[Black "Robinson, Kenneth"]
[Result "1-0"]
[WhiteElo "1930"]
[BlackElo "1889"]
[PlyCount "89"]
[GameId "2160767910319916"]
[EventDate "2008.09.05"]
[EventType "swiss"]
[EventRounds "5"]
[EventCountry "CAN"]

1. Nf3 Nf6 2. c4 c5 3. g3 g6 4. Bg2 Bg7 5. Nc3 Nc6 6. O-O O-O 7. d4 cxd4 8. Nxd4 h6 9. Nc2 Ne5 10. b3 d6 11. h3 a6 12. Be3 Nc6 13. Qd2 Kh7 14. Rad1 Bf5 15. Nd4 Bd7 16. Kh2 Qa5 17. Ne4 Qxd2 18. Nxf6+ Bxf6 19. Rxd2 Rac8 20. Rc1 Rc7 21. Nc2 Be6 22. Bb6 Rcc8 23. Ne3 Bg7 24. Nd5 Bd7 25. Rcd1 Be8 26. h4 h5 27. Bh3 e6 28. Ne3 Nb8 29. Rxd6 Bc6 30. Nc2 Be5 31. R6d2 Bc3 32. Rd3 Be5 33. Nb4 Bf6 34. Nxc6 bxc6 35. b4 Be5 36. c5 Bc7 37. Ba7 a5 38. Bxb8 Rxb8 39. Rd7 Rbd8 40. R1d3 Rxd7 41. Rxd7 Be5 42. bxa5 Kg8 43. a6 Rc8 44. a7 Kf8 45. Bg2 1-0

[Event "RA Fall op"]
[Site "Ottawa CAN"]
[Date "2008.09.05"]
[Round "1"]
[White "Pacey, Kevin"]
[Black "Carrier, Claude"]
[Result "1-0"]
[WhiteElo "2254"]
[BlackElo "2030"]
[PlyCount "63"]
[GameId "2160767910319917"]
[EventDate "2008.09.05"]
[EventType "swiss"]
[EventRounds "5"]
[EventCountry "CAN"]

1. d4 Nf6 2. c4 g6 3. Nc3 d5 4. cxd5 Nxd5 5. e4 Nxc3 6. bxc3 c5 7. Bc4 Bg7 8. Ne2 Nc6 9. Be3 O-O 10. O-O Bg4 11. f3 Na5 12. Bd3 cxd4 13. cxd4 Be6 14. Rc1 Bxa2 15. Qa4 Bb3 16. Qb4 b6 17. Bf4 e5 18. Be3 exd4 19. Bxd4 Be6 20. Bxg7 Kxg7 21. Nd4 Qf6 22. f4 Rfd8 23. e5 Qh4 24. Nxe6+ fxe6 25. g3 Qh6 26. Be4 Rac8 27. Qe7+ Kh8 28. Rxc8 Rxc8 29. Qxe6 Qf8 30. Rd1 Nc4 31. Rd7 Nxe5 32. Qxe5+ 1-0

[Event "RA Fall op"]
[Site "Ottawa CAN"]
[Date "2008.09.06"]
[Round "2"]
[White "Marinkovic, Mate"]
[Black "Pacey, Kevin"]
[Result "1-0"]
[WhiteElo "2002"]
[BlackElo "2254"]
[PlyCount "99"]
[GameId "2160767910319918"]
[EventDate "2008.09.05"]
[EventType "swiss"]
[EventRounds "5"]
[EventCountry "CAN"]

1. e4 Nc6 2. d4 d5 3. e5 Bf5 4. c3 e6 5. Bd3 Nge7 6. Ne2 Bxd3 7. Qxd3 Qd7 8. Ng3 O-O-O 9. b4 f6 10. f4 Nf5 11. Nxf5 exf5 12. O-O g6 13. a4 fxe5 14. fxe5 Re8 15. a5 Nd8 16. b5 Ne6 17. Nd2 f4 18. Nb3 g5 19. c4 dxc4 20. Qxc4 Rd8 21. b6 Kb8 22. Rd1 Qd5 23. Qxd5 Rxd5 24. bxc7+ Kxc7 25. Bb2 Be7 26. a6 b6 27. Rac1+ Kd7 28. Rc4 Rc8 29. Rxc8 Kxc8 30. Kf2 Nc7 31. Kf3 Rb5 32. Rd3 Nd5 33. Ke4 Kd7 34. Nd2 Ke6 35. Rb3 Rxb3 36. Nxb3 Bb4 37. Nc1 h5 38. Nd3 Bd2 39. Nf2 b5 40. Nh3 f3 41. gxf3 b4 42. Nf2 Bc3 43. Nd3 Nc7 44. Nc5+ Ke7 45. Bxc3 bxc3 46. Kd3 Nd5 47. Ne4 Nb4+ 48. Kxc3 Nxa6 49. Nxg5 Nc7 50. Kc4 1-0

[Event "RA Fall op"]
[Site "Ottawa CAN"]
[Date "2008.09.06"]
[Round "3"]
[White "Pacey, Kevin"]
[Black "Xiong, Jerry"]
[Result "0-1"]
[WhiteElo "2254"]
[BlackElo "2174"]
[PlyCount "60"]
[GameId "2160767910319919"]
[EventDate "2008.09.05"]
[EventType "swiss"]
[EventRounds "5"]
[EventCountry "CAN"]

1. d4 d5 2. Nf3 g6 3. c4 c6 4. e3 Bg7 5. Nc3 e6 6. Bd3 Ne7 7. O-O O-O 8. b3 f5 9. Bb2 Nd7 10. Qe2 h6 11. Ne5 Nxe5 12. dxe5 dxc4 13. Bxc4 Bxe5 14. Rad1 Qc7 15. f4 Bg7 16. e4 b5 17. Bd3 e5 18. exf5 Bxf5 19. Bxf5 Nxf5 20. fxe5 Bxe5 21. g3 Rae8 22. Qd2 Qg7 23. Kh1 Rd8 24. Qc1 c5 25. Kg2 Bd4 26. Rde1 Rde8 27. Nd1 Qb7+ 28. Kh3 Qd7 29. Kg2 Rxe1 30. Rxe1 Nh4+ 0-1

[Event "RA Fall op"]
[Site "Ottawa CAN"]
[Date "2008.09.07"]
[Round "4"]
[White "Dunn, David"]
[Black "Pacey, Kevin"]
[Result "0-1"]
[WhiteElo "2064"]
[BlackElo "2254"]
[PlyCount "82"]
[GameId "2160767910319920"]
[EventDate "2008.09.05"]
[EventType "swiss"]
[EventRounds "5"]
[EventCountry "CAN"]

1. e4 c6 2. d4 d5 3. e5 Bf5 4. Nc3 Qa5 5. Bd3 Bxd3 6. Qxd3 e6 7. Nf3 Qa6 8. Qxa6 Nxa6 9. Bf4 Bb4 10. O-O Bxc3 11. bxc3 O-O-O 12. Bc1 Ne7 13. Bg5 Rd7 14. Bxe7 Rxe7 15. c4 dxc4 16. Nd2 Nb4 17. c3 Nd5 18. Ne4 Kc7 19. Rab1 Rd8 20. a4 f5 21. Nd6 Rxd6 22. exd6+ Kxd6 23. Rfc1 b6 24. Kf1 a6 25. g3 c5 26. dxc5+ Kxc5 27. Ke2 e5 28. Kd2 e4 29. Re1 Nf6 30. f3 Rd7+ 31. Kc2 Rd3 32. fxe4 Nxe4 33. Rxe4 fxe4 34. Rf1 Rf3 35. Re1 e3 36. Kd1 Kd5 37. Ke2 Ke4 38. Rd1 Rf2+ 39. Ke1 Rxh2 40. Rd7 g6 41. Rd6 b5 0-1

[Event "RA Fall op"]
[Site "Ottawa CAN"]
[Date "2008.09.07"]
[Round "5"]
[White "Pacey, Kevin"]
[Black "Mayo, Alvah"]
[Result "1-0"]
[WhiteElo "2254"]
[BlackElo "2128"]
[PlyCount "35"]
[GameId "2160767910319921"]
[EventDate "2008.09.05"]
[EventType "swiss"]
[EventRounds "5"]
[EventCountry "CAN"]

1. f4 g6 2. Nf3 Bg7 3. g3 b6 4. Bg2 Bb7 5. O-O Nf6 6. d3 d6 7. e4 O-O 8. Nc3 Nbd7 9. h3 e5 10. f5 d5 11. exd5 Nxd5 12. Nxd5 Bxd5 13. Ng5 Bxg2 14. Kxg2 Nf6 15. Qf3 Qd5 16. Ne4 Rad8 17. Bg5 gxf5 18. Nxf6+ 1-0

[Event "RA Introductory Active"]
[Site "Ottawa CAN"]
[Date "2008.09.04"]
[Round "1"]
[White "Pacey, Kevin"]
[Black "Sharma, Pranav"]
[Result "1-0"]
[WhiteElo "2137"]
[BlackElo "1486"]
[PlyCount "53"]
[GameId "2160767910328182"]
[EventDate "2008.09.04"]
[EventType "swiss"]
[EventRounds "6"]
[EventCountry "CAN"]

1. e4 e5 2. Nf3 Nc6 3. Bc4 Bc5 4. b4 Bxb4 5. c3 Ba5 6. d4 exd4 7. O-O dxc3 8. Qb3 Qe7 9. Nxc3 Bxc3 10. Qxc3 Nf6 11. e5 Ng4 12. Ba3 d6 13. exd6 Qf6 14. Rfe1+ Be6 15. Qxf6 Nxf6 16. Ng5 O-O 17. Nxe6 fxe6 18. Bxe6+ Kh8 19. dxc7 Nd4 20. Bxf8 Nc2 21. c8=Q Rxc8 22. Bxc8 Nxe1 23. Rxe1 h6 24. Bxb7 Nd7 25. Bxg7+ Kxg7 26. Re7+ Kf6 27. Rxd7 1-0

[Event "RA Introductory Active"]
[Site "Ottawa CAN"]
[Date "2008.09.04"]
[Round "2"]
[White "Dougherty, Doug"]
[Black "Pacey, Kevin"]
[Result "0-1"]
[WhiteElo "1891"]
[BlackElo "2137"]
[PlyCount "64"]
[GameId "2160767910328183"]
[EventDate "2008.09.04"]
[EventType "swiss"]
[EventRounds "6"]
[EventCountry "CAN"]

1. d4 Nf6 2. c4 c5 3. e3 g6 4. Nc3 Bg7 5. Nf3 O-O 6. g3 cxd4 7. exd4 d5 8. cxd5 Nxd5 9. Bg2 Nc6 10. O-O Nb6 11. d5 Nb4 12. d6 Qxd6 13. Qxd6 exd6 14. Nb5 Nc4 15. Nbd4 Bg4 16. Be3 Nxb2 17. Rab1 N4d3 18. Ne1 Nxe1 19. Rfxe1 Nd3 20. Rf1 Nc5 21. a4 Nxa4 22. Rxb7 a5 23. Rc7 Rac8 24. Rfc1 Nc5 25. Ra7 Bxd4 26. Bxd4 Nb3 27. Rxc8 Rxc8 28. Be3 Be6 29. Ra6 d5 30. Bb6 Rc1+ 31. Bf1 Bh3 32. f4 Rxf1# 0-1